Grizzly cornered! (Record no. 5522)

MARC details
000 -LEADER
fixed length control field 00576nam a22001937a 4500
005 - DATE AND TIME OF LATEST TRANSACTION
control field 20250519101340.0
008 - FIXED-LENGTH DATA ELEMENTS--GENERAL INFORMATION
fixed length control field 250519b |||||||| |||| 00| 0 eng d
040 ## - CATALOGING SOURCE
Transcribing agency DepED Dasmarinas City
245 ## - TITLE STATEMENT
Title Grizzly cornered!
250 ## - EDITION
Edition statement July 2001 Vol. 200 No. 1
490 ## - SERIES STATEMENT
SERIES STATEMENT National Geographic
520 ## - SUMMARY, ETC.
Summary, etc. Grizzlies, Marco Polo's Voyage Home, Urban Sprawl, Cuba's Golden Past, Monhegan Island, Kingdom of Aksum, Delacroix
650 ## - SUBJECT ADDED ENTRY--TOPICAL TERM
General subdivision GRIZZLIES
650 ## - SUBJECT ADDED ENTRY--TOPICAL TERM
General subdivision MARCO POLO PART III
650 ## - SUBJECT ADDED ENTRY--TOPICAL TERM
General subdivision URBAN SPRAWL
650 ## - SUBJECT ADDED ENTRY--TOPICAL TERM
General subdivision CUBA
650 ## - SUBJECT ADDED ENTRY--TOPICAL TERM
General subdivision THE LIVING LEGACY OF AKSUM
942 ## - ADDED ENTRY ELEMENTS (KOHA)
Source of classification or shelving scheme Dewey Decimal Classification
Koha item type Continuing Resources
999 ## -
-- 5522
-- 5522
Holdings
Homebranch current branch Barcode
DepED Dasmarinas City DepED Dasmarinas City DSMSR072001-061